Ciencias : (Registro nro. 25169)

Detalles MARC
000 -CABECERA
Longitud fija campo de control 00916nam a2200205 a 4500
003 - • IDENTIFICADOR DELl NÚMERO DE CONTROL
Identificador del número de control CO-ViMGA
008 - • CÓDIGOS DE INFORMACIÓN DE LONGITUD FIJA
Códigos de información de longitud fija 141112s2004 ck r 000 u spa d
020 ## - • NÚMERO INTERNACIONAL NORMALIZADO PARA LIBROS
Número Internacional Normalizado para Libros (ISBN) 9584102435
040 ## - FUENTE DE LA CATALOGACIÓN
Centro catalogador de origen CO-ViMGA
Lengua de catalogación spa
Centro transcriptor CO-ViMGA
082 04 - • NÚMERO DE LA CLASIFICACIÓN DECIMAL DEWEY
Número de clasificación (R) 500.1 C173c - 8
100 1# - • PUNTO DE ACCESO PRINCIPAL-NOMBRE DE PERSONA
Nombre de persona Cardenas Salgado, Fidel Antonio; Gelvez Sanchez, Carlos Arturo.; Nieto Diaz, Jorge Adolfo.
245 10 - • TITULO PROPIAMENTE DICHO
Título Ciencias :
Resto del título Tecnologia y sociedad 8
300 ## - • DESCRIPCIÓN FÍSICA
Extensión 189.p.il.
505 ## - • NOTA DE CONTENIDO CON FORMATO
Nota de contenido con formato Reproducción - herencia Respiración - homeostasis Excreción - homeostasis Ciclos biogeoquímicos - carbono - nitrógeno - fósforo Ecosistema - beneficio - peligro Atomo - estructura - bioelementos - biogenicos Fluidos - propiedades - actividades humanas Tierra - eras geológicas Ciencias : Tecnología y sociedad 8
650 14 - • PUNTO DE ACCESO ADICIONAL DE MATERIA - TÉRMINO DE MATERIA
Término de materia o nombre geográfico como elemento inicial CIENCIAS - ENSEÑANZA
650 14 - • PUNTO DE ACCESO ADICIONAL DE MATERIA - TÉRMINO DE MATERIA
Término de materia o nombre geográfico como elemento inicial TECNOLOGIA EDUCATIVA
942 ## - ENTRADA DE ELEMENTOS AGREGADOS (KOHA)
Fuente de clasificaión o esquema Dewey Decimal Classification
Koha [por defecto] tipo de item LIbro
Existencias
Perdido Fuente de clasificación o esquema Estado Físico No para préstamo Localización permanente Localización actual Fecha adquisición Préstamos totales Fecha última consulta Fecha del precio de reemplazo Tipo de item de Koha
  Dewey Decimal Classification     Biblioteca Pública Germán Arciniegas - Villavicencio Biblioteca Pública Germán Arciniegas - Villavicencio 07/12/2017   07/12/2017 07/12/2017 LIbro









Instituto Departamental de Cultura del Meta - Red Departamental de Bibliotecas Públicas del Meta.